000 00492cam a2200205ua 4500
020 _c15.00
041 _ahin
_h
082 _a891.54
_bSUM/KA
100 _aSumitrananda, Pant.
245 _aKavi bharati /
_cSumitranandan pant.
_hTextual Documents
250 _a1 /
_b.
260 _a :
_bSahithya Sadan ,
_c1955.
300 _a735 ; .
365 _a15.00
504 _a
700 1 _aBalkrishna Rav, .
700 1 _aNagendra, .
942 _cBK
999 _c8427
_d8427